000 01027nam a2200277 i 4500
003 DO-SdBNP
005 20260220141714.0
007 ta
008 260220b2025 dr a|||| |||| 00| 0 spa d
020 _a9789945224498
040 _aDO-SdBNP
_bspa
_cBNPHU
_erda
041 _aspa
082 4 _axxx
_bR175ch
_222
100 _aRamos Miranda, Evelyn
_4aut.
_985082
_eautor
245 1 3 _aEl charamico mágico de la navidad /
_c Evelyn Ramos Miranda ; ilustraciones, diseño y diagramación, Henry Cid ; colaboradores, Vebus Arthemys Azul Ureña Ramos.
264 4 _aSanto Domingo, República Dominicana :
_bEditora Búho,
_c©2025.
300 _a26, [2] páginas :
_bilustraciones ;
_c28 cm.
336 _atexto
_btxt
_2rdacontent
337 _asin mediación
_bn
_2rdamedia
338 _avolumen
_bnc
_2rdacarrier
590 _aInventariado, 2026 / LP
700 1 _aCid, Henry,
_eilustrador, diseñador
_4il.,
_4di
_9346
700 1 _aUreña Ramos, Venus Arthemys Azul
_ecolaborador
_4co.
_989071
910 _aLP
942 _2ddc
_cLBS1
999 _c60381
_d60381